[Event "Dordrecht"]
[Site "Dordrecht"]
[Date "1988.??.??"]
[Round "?"]
[White "Piket, Jeroen"]
[Black "Conquest, Stuart"]
[Result "1/2-1/2"]
[WhiteElo "2470"]
[BlackElo "2445"]

1.d4 d5 2.Nf3 Nf6 3.c4 c6 4.Nc3 dxc4 5.a4 Bf5 6.e3 e6 7.a5 Bb4 8.Qa4 Qe7
9.Bxc4 O-O 10.O-O Nbd7 11.Be2 Ne4 12.Nxe4 Bxe4 13.Bd2 Bxd2 14.Nxd2 Bg6 15.Rfc1 e5
16.Nb3 exd4 17.Nxd4 c5 18.Nb3 Rac8 19.Bg4 f5 20.Bf3 Ne5 21.Bd5+ Bf7 22.Bxf7+ Rxf7
23.Rc3 Qd6 24.f4 Ng4 25.h3 Nf6 26.Qc4 Qd5 27.Qxd5 Nxd5 28.Rxc5 Rxc5 29.Nxc5 Nxe3
30.Re1 Nd5 31.Re8+ Rf8 32.Re5 Nxf4 33.Nxb7 Nd3 34.Rb5 f4 35.Nd6 Rd8 36.Nc4 Re8
37.a6 h6 38.Rb7 Re1+ 39.Kh2 Re2 40.Kg1 Re1+ 41.Kh2 Nf2 42.g4 Ne4 43.Rxa7 Re2+
44.Kg1 f3 45.Ra8+ Kh7 46.Rf8 Re1+ 47.Kh2 Re2+ 48.Kg1  1/2-1/2

[Event "DSV-Turnier"]
[Site "Dresden"]
[Date "1988.??.??"]
[Round "?"]
[White "Dautov, Rustem"]
[Black "Horvath, Csaba"]
[Result "1-0"]
[WhiteElo "2525"]
[BlackElo "2390"]

1.d4 d5 2.c4 c6 3.Nf3 Nf6 4.Nc3 dxc4 5.a4 Bf5 6.e3 e6 7.Bxc4 Bb4 8.O-O O-O
9.Nh4 Nbd7 10.Nxf5 exf5 11.f3 Qa5 12.Qb3 Nb6 13.Bd3 Rad8 14.Qc2 g6 15.Na2 f4
16.e4 Rxd4 17.Nxb4 Qxb4 18.Bxf4 Rfd8 19.Bg5 Rxd3 20.Bxf6 R8d6 21.a5 Qc4 22.Bc3 Nd7
23.Qf2 c5 24.Rae1 Re6 25.Qg3 b5 26.axb6 axb6 27.Ra1 Re8 28.Rfd1 b5 29.Qe1 b4
30.Rxd3 Qxd3 31.Rd1 Qb5 32.Bd2 Ne5 33.Bh6 c4 34.h3 f6 35.Qe3 Nf7 36.Bf4 Qc6
37.Qa7 g5 38.Be3 c3 39.bxc3 bxc3 40.Rc1 Ne5 41.Bd4 Qd7 42.Qxd7 Nxd7 43.Rxc3 Kf7
44.Rc7 Re7 45.Rb7 h5 46.h4 g4 47.fxg4 hxg4 48.Kf2 Ke8 49.Ke3 f5 50.e5 Rh7
51.g3 Ke7 52.Ra7  1-0

[Event "DSV-Turnier"]
[Site "Dresden"]
[Date "1988.??.??"]
[Round "?"]
[White "Paehtz, Thomas Sr"]
[Black "Horvath, Csaba"]
[Result "0-1"]
[WhiteElo "2515"]
[BlackElo "2390"]

1.d4 d5 2.c4 c6 3.Nc3 Nf6 4.Nf3 dxc4 5.a4 Bf5 6.Ne5 e6 7.g3 Nbd7 8.Nxc4 Nb6
9.Ne3 Bg6 10.Bg2 a5 11.O-O Bb4 12.Nc2 Bxc2 13.Qxc2 Qxd4 14.Be3 Qd8 15.Rfd1 Nbd7
16.Na2 Be7 17.Qb3 Qc7 18.Rac1 O-O 19.Nc3 Bc5 20.Bxc5 Nxc5 21.Qc4 Qb6 22.Na2 Ncd7
23.Rd2 Rfd8 24.Rcd1 Ne5 25.Qc3 Rxd2 26.Rxd2 Ned7 27.Rc2 h6 28.e4 Rd8 29.Nc1 Nf8
30.Rd2 Rxd2 31.Qxd2 N8d7 32.b3 e5 33.Qc3 Qc5 34.Qxc5 Nxc5 35.f3 Kf8 36.Bf1 Ke7
37.Kf2 Ne8 38.Ke3 Nd6 39.Bd3 b5 40.axb5 cxb5 41.Bc2 Kd7 42.Ne2 b4 43.Nc1 Kc6
44.h4 f6 45.h5 Nb5 46.f4 Nd4 47.Bd1 Kd6  0-1

[Event "Eppingen BM"]
[Site "Eppingen"]
[Date "1988.??.??"]
[Round "?"]
[White "Gschnitzer, Oswald"]
[Black "Ostl, Andreas"]
[Result "1-0"]
[WhiteElo "2295"]
[BlackElo "2320"]

1.d4 Nf6 2.Nf3 d5 3.c4 c6 4.Nc3 dxc4 5.a4 Bf5 6.e3 e6 7.Bxc4 a5 8.O-O Na6
9.Qe2 Be7 10.e4 Bg4 11.Rd1 Nb4 12.Be3 O-O 13.Rac1 Rc8 14.h3 Bxf3 15.Qxf3 Qd7
16.Qe2 Rfe8 17.Rd2 Bf8 18.Rcd1 Qc7 19.Qf3 Red8 20.h4 Be7 21.Be2 Ne8 22.h5 h6
23.Qg4 Nf6 24.Qh3 Nh7 25.Bc4 Bg5 26.Bxg5 Nxg5 27.Qg4 Nh7 28.e5 Kh8 29.Ne4 Rf8
30.Re1 Rce8 31.Re3 Nd5 32.Bxd5 exd5 33.Nd6 Rd8 34.Nf5 Ng5 35.f4 Ne6 36.Nh4 c5
37.Rc3 Qd7 38.f5 Nxd4 39.Rxc5 b6 40.Rc3 Nc6 41.Rg3 Rg8 42.e6 Qe7 43.exf7 Qxf7
44.Ng6+ Kh7 45.Nf4 Ne7 46.Ne6 Rd6 47.Qg6+ Qxg6 48.hxg6+ Kh8 49.Ng5 Rf8 50.Nf7+ Rxf7
51.gxf7 Rf6 52.Rg6 Rxf7 53.Rxb6 Rxf5 54.Rb5  1-0

[Event "Peer Gynt"]
[Site "Gausdal"]
[Date "1988.??.??"]
[Round "?"]
[White "Petursson, Margeir"]
[Black "Meduna, Eduard"]
[Result "1-0"]
[WhiteElo "2530"]
[BlackElo "2460"]

1.d4 Nf6 2.c4 c6 3.Nc3 d5 4.Nf3 dxc4 5.a4 Bf5 6.Ne5 e6 7.f3 Bb4 8.e4 Bg6
9.Bxc4 Nbd7 10.h4 Qa5 11.Qb3 O-O-O 12.Bf4 Nxe5 13.Bxe5 h5 14.O-O Nd7 15.Bg3 Be7
16.Rac1 Qb6 17.Nb5 e5 18.Bxf7 Kb8 19.Bxg6 cxb5 20.Bf5 Qxd4+ 21.Kh2  1-0

[Event "Dreszer mem"]
[Site "Gdynia"]
[Date "1988.??.??"]
[Round "8"]
[White "Sapis, Witalis"]
[Black "Redzepagic, Rolando"]
[Result "0-1"]
[WhiteElo "2445"]
[BlackElo "2330"]

1.d4 d5 2.c4 c6 3.Nf3 Nf6 4.Nc3 dxc4 5.a4 Bf5 6.e3 e6 7.Bxc4 Bb4 8.O-O O-O
9.Ne2 Nbd7 10.Nh4 Bg6 11.Nxg6 hxg6 12.Nf4 Qe7 13.Qe2 Bd6 14.e4 Bxf4 15.Bxf4 e5
16.dxe5 Nxe5 17.Ba2 Rfe8 18.f3 Nfd7 19.Be3 Nc5 20.f4 Ned3 21.e5 Nb4 22.Bc4 Rad8
23.Ra3 Nd5 24.Bc1 Ne6 25.Bxd5 Rxd5 26.Rh3 Red8 27.Be3 Nd4 28.Bxd4 Rxd4 29.f5 Rd2
30.Qg4 R8d4 31.Qf3 g5 32.Qh5 Rh4 33.Rxh4 gxh4 34.f6 Qc5+ 35.Kh1 Rf2 36.Rg1 Rxf6
37.Rd1 Qd5  0-1

[Event "Geneve-B"]
[Site "Geneve"]
[Date "1988.??.??"]
[Round "?"]
[White "Levacic, Damir"]
[Black "Arlandi, Ennio"]
[Result "1-0"]
[WhiteElo "2310"]
[BlackElo "2405"]

1.d4 d5 2.c4 c6 3.Nc3 Nf6 4.Nf3 dxc4 5.a4 Bf5 6.e3 e6 7.Bxc4 Bb4 8.O-O Nbd7
9.Qe2 O-O 10.e4 Bg4 11.Rd1 Qe7 12.Na2 Ba5 13.b4 Bc7 14.h3 Bxf3 15.Qxf3 e5
16.d5 Nb6 17.Bb3 cxd5 18.exd5 e4 19.Qf5 Qe5 20.Qxe5 Bxe5 21.Rb1 Rac8 22.Be3 Rfd8
23.a5 Nbxd5 24.Bxa7 Nf4 25.Bb6 Rd3 26.Rxd3 exd3 27.Rd1 Ne4 28.g3 Ne2+ 29.Kf1 N2c3
30.Rxd3 Nxa2 31.Bxa2 g6 32.Bd5 Rc1+ 33.Kg2 Nd6 34.Bc5  1-0

[Event "Groningen op"]
[Site "Groningen"]
[Date "1988.??.??"]
[Round "?"]
[White "De Boer, Gert Jan"]
[Black "Ninov, Kiril"]
[Result "1/2-1/2"]
[WhiteElo "2390"]
[BlackElo "2495"]

1.d4 d5 2.c4 c6 3.Nf3 Nf6 4.Nc3 dxc4 5.a4 Bf5 6.Ne5 e6 7.f3 c5 8.e4 cxd4
9.exf5 Nc6 10.Nxc6 bxc6 11.Bxc4 dxc3 12.fxe6 fxe6 13.Qe2 cxb2 14.Qxe6+ Qe7
15.Bxb2 Qxe6+ 16.Bxe6 Bb4+ 17.Ke2 Ke7 18.Bc4 Nd5  1/2-1/2

[Event "Groningen op"]
[Site "Groningen"]
[Date "1988.??.??"]
[Round "?"]
[White "Kohlweyer, Bernd"]
[Black "Ninov, Kiril"]
[Result "1/2-1/2"]
[WhiteElo "2325"]
[BlackElo "2495"]

1.d4 d5 2.c4 c6 3.Nf3 Nf6 4.Nc3 dxc4 5.a4 Bf5 6.Ne5 Na6 7.e3 Nb4 8.Bxc4 e6
9.O-O Be7 10.Bb3 h6 11.Qe2 Bh7 12.Rd1 O-O 13.e4 a5 14.Bf4 Qb6 15.Nc4 Qd8
16.Rd2 Re8 17.Rad1 Bf8 18.h3 Kh8 19.Qf3 Bg8 20.g4 Nh7 21.Qg3 Rc8 22.Nd6 Bxd6
23.Bxd6 f6 24.e5 Nd5 25.Bc2 Ng5 26.exf6 Qxf6 27.Kg2 Bh7 28.Be5 Qe7 29.Bxh7 Nxh7
30.Ne4 Rcd8 31.Rd3 Nhf6 32.Nd6 Rf8 33.Rf3 Nd7 34.Rdd3 Nxe5 35.dxe5 g5 36.Rb3 b6
37.Kh2 Qh7 38.Rbd3 Nf4 39.Rb3 Nd5 40.Rbd3 Nf4 41.Rb3  1/2-1/2

[Event "Groningen"]
[Site "Groningen"]
[Date "1988.??.??"]
[Round "?"]
[White "Greenfeld, Alon"]
[Black "Brenninkmeijer, Joris"]
[Result "1/2-1/2"]
[WhiteElo "2550"]
[BlackElo "2390"]

1.Nf3 Nf6 2.c4 c6 3.d4 d5 4.Nc3 dxc4 5.a4 Bf5 6.Ne5 e6 7.f3 Bb4 8.e4 Bxe4
9.fxe4 Nxe4 10.Bd2 Qxd4 11.Nxe4 Qxe4+ 12.Qe2 Bxd2+ 13.Kxd2 Qd5+ 14.Kc2 Na6
15.Nxc4 O-O 16.Qe5 Rfd8 17.Be2 f6 18.Qxd5 cxd5 19.Nd2 Nb4+ 20.Kd1 Rac8 21.Rc1 Rxc1+
22.Kxc1 e5 23.Nb3 Rc8+ 24.Kb1 Rc2 25.Re1 Kf7 26.Na1 Rc7 27.Nb3 Rc2 28.Na1 Rc7
29.Nb3 Rc2  1/2-1/2

[Event "Hamburg-ch"]
[Site "Hamburg"]
[Date "1988.??.??"]
[Round "?"]
[White "Dankert, Peter"]
[Black "Kastek, Thomas"]
[Result "1/2-1/2"]
[WhiteElo "2255"]
[BlackElo "2255"]

1.d4 d5 2.Nf3 Nf6 3.c4 c6 4.Nc3 dxc4 5.a4 Bf5 6.e3 e6 7.Bxc4 Bb4 8.O-O Nbd7
9.Qe2 Bg6 10.Rd1 O-O 11.Bd3 Bxd3 12.Qxd3 c5 13.Ne4 Nxe4 14.Qxe4 Qb6 15.Bd2 Bxd2
16.Rxd2 Nf6 17.Qe5 cxd4 18.Qxd4 Qxd4 19.Rxd4  1/2-1/2

[Event "Hradec Kralove"]
[Site "Hradec Kralove"]
[Date "1988.??.??"]
[Round "8"]
[White "Bus, Mariusz"]
[Black "Zilberstein, David"]
[Result "0-1"]
[WhiteElo "2355"]
[BlackElo "2235"]

1.d4 d5 2.c4 c6 3.Nc3 Nf6 4.Nf3 dxc4 5.a4 Bf5 6.e3 e6 7.Bxc4 Bb4 8.O-O Nbd7
9.Qe2 Bg6 10.e4 Bxc3 11.bxc3 Nxe4 12.Ba3 Qc7 13.Qb2 O-O-O 14.a5 Rhe8 15.Nh4 Nd6
16.Be2 e5 17.Nxg6 hxg6 18.Rfb1 Re6 19.Bc5 Kb8 20.Ba6 Nxc5 21.dxc5 Nb5 22.Bxb5 cxb5
23.Qxb5 a6 24.Qc4 Rc8 25.Rb6 Rxb6 26.axb6 Qxc5 27.Qxf7 Qxc3 28.Rf1 Qc6 29.Qxg7 Qxb6
30.Qxe5+ Qc7 31.Qxc7+ Rxc7 32.f4 b5 33.g4 b4 34.f5 gxf5 35.gxf5 a5 36.Ra1 b3
37.Rb1 a4 38.Kg2 Rf7  0-1

[Event "IND-ch"]
[Site "?"]
[Date "1988.??.??"]
[Round "?"]
[White "Ganesan, Sankar"]
[Black "Prasad, Devaki V"]
[Result "1-0"]
[WhiteElo "2270"]
[BlackElo "2405"]

1.d4 d5 2.c4 dxc4 3.Nf3 Nf6 4.Nc3 c6 5.a4 Bf5 6.e3 e6 7.Bxc4 Bb4 8.O-O Nbd7
9.Nh4 Bg4 10.f3 Bh5 11.g4 Nd5 12.Ng2 Bg6 13.Na2 Be7 14.e4 Nb4 15.Nxb4 Bxb4
16.Be3 a5 17.Rc1 O-O 18.h4 h6 19.g5 hxg5 20.hxg5 e5 21.Bb3 exd4 22.Qxd4 Qe7
23.Nh4 Bh7 24.g6 Qxh4 25.gxh7+ Kh8 26.Qxd7 Qg3+ 27.Kh1 f5 28.Rc2 Rad8 29.Qe6 fxe4
30.Rh2  1-0

[Event "JUG-ch"]
[Site "?"]
[Date "1988.??.??"]
[Round "?"]
[White "Cebalo, Miso"]
[Black "Matulovic, Milan"]
[Result "0-1"]
[WhiteElo "2515"]
[BlackElo "2435"]

1.Nf3 Nf6 2.c4 c6 3.Nc3 d5 4.d4 dxc4 5.a4 Bf5 6.e3 e6 7.Bxc4 Bb4 8.O-O Nbd7
9.Qb3 a5 10.Nh4 Bg4 11.f3 Bh5 12.g3 Qb6 13.g4 Bg6 14.Rd1 Be7 15.Ng2 O-O-O
16.e4 e5 17.Be3 exd4 18.Bxd4 Qxb3 19.Bxb3 Bc5 20.Bf2 Bxf2+ 21.Kxf2 Nc5 22.Bc4 Nfd7
23.Ne3 Nb6 24.b3 f6 25.h4 Kc7 26.h5 Nxc4 27.bxc4 Bf7 28.Rab1 g6 29.h6 Rd3
30.Rxd3 Nxd3+ 31.Kg3 g5 32.e5 Nxe5 33.Ne4 Nxc4 34.Nf5 Bg6 35.Nxf6 Rf8 36.Ne4 Bxf5
37.gxf5 Rxf5 38.Re1 Ne5 39.Re3 Nf7 40.Nf2 Re5 41.Rxe5 Nxe5 42.Ne4 Nf7 43.Kg4 b5
44.Nc5 Kb6 45.Nd7+ Ka7 46.Nc5 bxa4 47.Nxa4 Ka6 48.Nc3 Kb6 49.Kf5 Kc5 50.Kf6 Nxh6
51.Kxg5 Ng8 52.f4 Kb4 53.Na2+ Kb3 54.Nc1+ Kc2 55.Ne2 c5  0-1

[Event "Luxembourg op"]
[Site "Luxembourg"]
[Date "1988.??.??"]
[Round "5"]
[White "Franke, Heribert"]
[Black "Cuijpers, Frans Andre"]
[Result "1-0"]
[WhiteElo "2395"]
[BlackElo "2420"]

1.d4 Nf6 2.Nf3 d5 3.c4 c6 4.Nc3 dxc4 5.a4 Bf5 6.Ne5 e6 7.f3 Bb4 8.Bg5 h6
9.Bh4 O-O 10.e4 Bh7 11.Nxc4 c5 12.dxc5 Qxd1+ 13.Rxd1 Nc6 14.Nd6 Na5 15.Bf2 Rfd8
16.Bb5 a6 17.Be2 Ne8 18.Nxe8 Rxe8 19.O-O Nb3 20.Bc4 Na5 21.Bd3 Bxc3 22.bxc3 f5
23.Bc2 fxe4 24.fxe4 Re7 25.Bg3 Rae8 26.Bd6 Rd7 27.Bd3 Bg6 28.Rb1 Rc8 29.Kf2 Bf7
30.e5 Be8 31.Ke3 Rf7 32.Rxf7 Bxf7 33.Rb4 Be8 34.g4 g5 35.Bc2 Kg7 36.Rb1 Bg6
37.Bxg6 Kxg6 38.Rf1 Kg7 39.Rf6 Re8 40.Rf2 Rc8 41.Rf6 Re8 42.Ke4 Nc6 43.Rf2 Rc8
44.Kf3 Na5 45.Kg3 Nc6 46.h4 Na5 47.h5 Nc6 48.Kf3 Na5 49.Ke4 Nc6 50.Rf6 Re8
51.Rf1 Rc8 52.Rf2 Na5 53.Kd3 Nc6 54.Kc2 Na5 55.Rf6 Re8 56.Rf1 Rc8 57.Rf3 Nc6
58.Rf2 Na5 59.Be7 Nc6 60.Bf6+ Kg8 61.Rd2 Nb8 62.c6 Nxc6 63.Rd7 Nb4+ 64.Kd2 Nd5
65.Rg7+ Kf8 66.Rxb7 Rc4 67.Bg7+ Ke8 68.Bxh6 Rxg4 69.Rg7 Nf4 70.Ra7 Nxh5 71.Rxa6 Nf4
72.a5 Rg2+ 73.Ke3 Rg3+ 74.Ke4 Rxc3 75.Bxg5 Rc4+ 76.Kf3 Ng6 77.Bf6 Rc5 78.Ke4 Kd7
79.Rd6+ Kc7 80.a6 Rc4+ 81.Ke3 Kb8 82.Rxe6 Ka7 83.Rd6 Rc8 84.Ke4 Rc4+ 85.Kf5 Nxe5
86.Bxe5 Rc8 87.Ke6 Re8+ 88.Kd5 Rc8 89.Bd4+ Ka8 90.Bc5 Re8 91.Kc4 Rc8 92.Kb5 Rb8+
93.Bb6 Rg8 94.Rd7 Rh8 95.Bc5 Rb8+ 96.Kc6 Rc8+ 97.Kb6 Rb8+ 98.Rb7 Rd8 99.Ra7+ Kb8
100.Rc7 Ka8 101.Rc6 Rb8+ 102.Ka5 Rg8 103.Rc7 Rh8 104.Kb6 Rb8+ 105.Rb7 Rd8
106.Ra7+ Kb8 107.Rc7 Ka8 108.Be7 Rb8+ 109.Rb7 Rd8 110.Ra7+ Kb8  1-0

[Event "Mazatlan rapid"]
[Site "Mazatlan"]
[Date "1988.??.??"]
[Round "?"]
[White "Gavrikov, Viktor"]
[Black "Tukmakov, Vladimir B"]
[Result "1/2-1/2"]
[WhiteElo "2545"]
[BlackElo "2570"]

1.Nf3 d5 2.d4 Nf6 3.c4 c6 4.Nc3 dxc4 5.a4 Bf5 6.Nh4 e6 7.e3 Bd3 8.Bxd3 cxd3
9.Qxd3 Be7 10.Nf3 O-O 11.O-O c5 12.Qb5 Qc7 13.e4 cxd4 14.Nxd4 a6 15.Qe2 Nbd7
16.Be3 Rac8 17.Rfc1 Qb8 18.f3 Bd6 19.g3 Rfd8 20.Rc2 Ne5 21.Bf2 Bc5 22.Rd1 h6
23.Kg2 Rd7 24.Na2 Bb6 25.Rxc8+ Qxc8 26.Nc3 Ba5 27.Rc1 Qd8 28.Nb3 Nd3 29.Rc2 Nxf2
30.Qxf2 Bb6 31.Qe2 g5 32.Rd2 Rxd2 33.Qxd2 Qxd2+ 34.Nxd2 Bd4 35.Nc4 Bxc3 36.bxc3 Nd7
37.a5 Kf8 38.Kf2 Ke7 39.Ke3 e5 40.f4 f6 41.h4 exf4+ 42.gxf4 gxh4 43.Kf3 Nc5
44.e5 fxe5 45.Nxe5 Ke6 46.Kg4 Nb3 47.Nc4 Nc1 48.f5+ Kf6 49.Nd6 Ne2 50.c4 Nd4
51.Nxb7 Nxf5 52.c5 h5+ 53.Kh3 Ke7 54.c6 Nd4 55.Nc5 Nxc6 56.Nxa6  1/2-1/2

[Event "Montpellier"]
[Site "Montpellier"]
[Date "1988.??.??"]
[Round "14"]
[White "Miralles, Gilles"]
[Black "Vincent, Stephane"]
[Result "1/2-1/2"]
[WhiteElo "2430"]
[BlackElo "2270"]

1.d4 d5 2.c4 c6 3.Nf3 Nf6 4.Nc3 dxc4 5.a4 Bf5 6.e3 e6 7.Bxc4 Bb4 8.O-O Nbd7
9.Nh4 Bg6 10.Qb3 Qb6 11.f4 O-O 12.f5 exf5 13.Nxf5 Rfd8 14.a5 Bxa5 15.Ne7+ Kh8
16.Bxf7 Bxf7 17.Qxf7 Rf8 18.Qa2 Bb4 19.Nf5 Qc7 20.Qc4 a5 21.Bd2 Bxc3 22.bxc3 Ne4
23.Be1 b5 24.Qd3 Ndf6 25.Bg3 Nxg3 26.Nxg3 a4 27.e4 Nd7 28.e5 Rxf1+ 29.Rxf1 Rf8
30.Nf5 Nb6 31.Nd6 Qe7 32.Rxf8+ Qxf8 33.Qd2 h6 34.g3 Qg8 35.Qf2 a3 36.Nf7+ Kh7
37.e6 Nd5 38.Qa2 Qe8 39.Qxa3 Qxe6 40.Ne5 Qf5 41.Qc1 Qf6 42.Qc2+ Kg8 43.Qd3 Nb6
44.Qe4 Nd5 45.Qd3 Nb6 46.Qc2 Nd5 47.Qa2 Kh7 48.c4 Ne3 49.Qb1+ Qf5 50.Qxf5+ Nxf5
51.d5 bxc4 52.dxc6 c3 53.Kf2 c2 54.Nd3 Kg8 55.Ke1 Kf8 56.c7 Nd6 57.Kd2 Ke7
58.Kxc2 Nc8 59.Nf4 Kd6 60.Nh5 g6 61.Nf4 g5 62.Ng6 Kxc7 63.Ne5 Nd6 64.Kd3 Kd8
65.Ng4 h5 66.Nf6 h4 67.Ne4 hxg3 68.hxg3 Nf5  1/2-1/2

[Event "Moscow-ch"]
[Site "Moscow"]
[Date "1988.??.??"]
[Round "?"]
[White "Kiselev, Sergey"]
[Black "Ageichenko, Genadi A"]
[Result "1-0"]
[WhiteElo "2380"]
[BlackElo "2385"]

1.d4 d5 2.c4 c6 3.Nc3 Nf6 4.Nf3 dxc4 5.a4 Bf5 6.e3 e6 7.Bxc4 Bb4 8.O-O Nbd7
9.Qe2 O-O 10.Ne5 Ne4 11.Na2 Be7 12.b4 a5 13.Nxd7 Qxd7 14.bxa5 Rxa5 15.f3 Nd6
16.Bb3 Rd8 17.Rd1 Bg6 18.e4 Qc7 19.Be3 Nc8 20.Nc3 Bd6 21.g3 Bb4 22.Rac1 Qe7
23.Nb1 Ra8 24.Bf2 Nb6 25.d5 Nxa4 26.dxe6 Nc5 27.exf7+ Kf8 28.Bc4 Ne6 29.f4 Bxf7
30.e5 g6 31.Nd2 Nd4 32.Bxd4 Rxd4 33.Ne4 Bxc4 34.Rxc4 Ra2 35.Qxa2 Rxd1+ 36.Kg2 Rd5
37.Qb3 Rb5 38.Qa4 Kg7 39.Nf6 Qd8 40.Qa2 Be7 41.Rd4 Qf8 42.Rd7 Qf7 43.Rxe7 Qxe7
44.Qg8+ Kh6 45.Ng4+ Kh5 46.Qc8 Rb2+ 47.Kh3 Qf7 48.Qd8 Rxh2+ 49.Nxh2  1-0

[Event "Paris-ch"]
[Site "Paris"]
[Date "1988.??.??"]
[Round "4"]
[White "Haik, Aldo"]
[Black "Flear, Glenn C"]
[Result "0-1"]
[WhiteElo "2370"]
[BlackElo "2460"]

1.d4 d5 2.c4 c6 3.Nf3 Nf6 4.Nc3 dxc4 5.a4 Bf5 6.e3 e6 7.Bxc4 Bb4 8.O-O Nbd7
9.Nh4 Bg4 10.f3 Bh5 11.g4 Bg6 12.Ng2 Qa5 13.Na2 Bd6 14.h4 h6 15.b4 Qc7 16.e4 e5
17.d5 Nb6 18.Bb3 cxd5 19.a5 Nc4 20.g5 hxg5 21.Bxg5 Bxb4 22.Nxb4 Qc5+ 23.Rf2 Qxb4
24.Rb1 Qxa5 25.Ba4+ Kf8 26.Rxb7 dxe4 27.Bb3 e3 28.Ra2 Qc5 29.Qe2 Nd2 30.Bxe3 Qc6
31.Rb5 Nxf3+ 32.Kf1 Nxh4 33.Rc5 Qxg2+ 34.Qxg2 Nxg2 35.Kxg2 Be4+ 36.Kg3 Nh5+
37.Kf2 Nf4 38.Rc7 Bd5 39.Raxa7 Rxa7 40.Bc5+ Kg8 41.Rc8+ Kh7  0-1

[Event "Paris-ch"]
[Site "Paris"]
[Date "1988.??.??"]
[Round "8"]
[White "Cebalo, Miso"]
[Black "Flear, Glenn C"]
[Result "1/2-1/2"]
[WhiteElo "2515"]
[BlackElo "2460"]

1.d4 d5 2.c4 c6 3.Nc3 Nf6 4.Nf3 dxc4 5.a4 Bf5 6.e3 e6 7.Bxc4 Bb4 8.O-O Nbd7
9.Qb3 Qb6 10.Nh4 Bg6 11.f4 a5 12.f5 exf5 13.Nxf5 O-O 14.Bd2 Rae8 15.Rae1 Qc7
16.h3 Nb6 17.Bd3 Qd7 18.Rf3 Qe6 19.Qc2 Nc4 20.Bc1 Nd6 21.Nxd6 Qxd6 22.Ref1 Qe6
23.Bxg6  1/2-1/2

[Event "Porz"]
[Site "Porz"]
[Date "1988.??.??"]
[Round "?"]
[White "Lutz, Christopher"]
[Black "Meduna, Eduard"]
[Result "0-1"]
[WhiteElo "2380"]
[BlackElo "2460"]

1.d4 Nf6 2.c4 c6 3.Nc3 d5 4.Nf3 dxc4 5.a4 Bf5 6.Ne5 Nbd7 7.Nxc4 Nb6 8.Ne5 e6
9.f3 Nfd7 10.a5 Nxe5 11.axb6 Nd7 12.e4 Bg6 13.Rxa7 Nxb6 14.Rxb7 Ra1 15.Kf2 Bd6
16.Qb3 Rxc1 17.Qxb6 O-O 18.e5 Qxb6 19.Rxb6 Rb8 20.Rxb8+ Bxb8 21.Ne2 Rb1 22.h4 Ba7
23.Ke3 h6 24.Nf4 Bh7 25.g3 c5 26.dxc5 Bxc5+ 27.Kd2 Rxb2+ 28.Kc3 Rc2+ 29.Kb3 Rf2
30.Be2 Be3 31.Ra1 Bf5 32.Rf1 Rh2 33.Bd3 Bxf4 34.Bxf5 exf5 35.gxf4 Rxh4 36.Kc4 Rxf4+
37.Kd5 Ra4 38.Rb1 g5 39.Rb6 Ra5+ 40.Kd4 Kg7 41.Rf6 Ra4+ 42.Kd5 Ra3 43.f4 Ra5+  0-1

[Event "Porz"]
[Site "Porz"]
[Date "1988.??.??"]
[Round "?"]
[White "Bayer, Ernst Wolfgang"]
[Black "Lutz, Christopher"]
[Result "0-1"]
[WhiteElo "2370"]
[BlackElo "2380"]

1.d4 d5 2.c4 c6 3.Nf3 Nf6 4.Nc3 dxc4 5.a4 Bf5 6.e3 e6 7.Bxc4 Bb4 8.O-O Nbd7
9.Nh4 Bg4 10.f3 Bh5 11.g4 Nd5 12.Qe1 Bg6 13.e4 N5b6 14.Bb3 a5 15.f4 Bxe4
16.f5 O-O 17.fxe6 fxe6 18.Bxe6+ Kh8 19.Bf4 Bd5 20.g5 Bxe6 21.Qxe6 Qe8 22.Qg4 Bxc3
23.bxc3 Qe4 24.Rae1 Qc2 25.Qh3 Rae8 26.Rxe8 Rxe8 27.g6 Nf8 28.gxh7 Ng6 29.Be5 Nxh4
30.Qxh4 Nd7 31.Qh5 Rd8 32.Bxg7+ Kxg7 33.Qg5+ Qg6 34.Rf5 Qxg5+ 35.Rxg5+ Kxh7
36.Rxa5 Nb6 37.Ra7 Rd7 38.a5 Nd5 39.c4 Nb4 40.d5 cxd5 41.cxd5 Na6 42.Kf2 Kg6
43.Ke3 Kf5 44.Kd4 Nb4 45.Kc5 Nxd5 46.Ra8 Nc7 47.Rf8+ Ke5 48.Re8+ Nxe8  0-1

[Event "Prague Mladi-A"]
[Site "Prague"]
[Date "1988.??.??"]
[Round "2"]
[White "Lerner, Konstantin Z"]
[Black "Meduna, Eduard"]
[Result "0-1"]
[WhiteElo "2530"]
[BlackElo "2460"]

1.d4 Nf6 2.c4 c6 3.Nc3 d5 4.Nf3 dxc4 5.a4 Bf5 6.e3 e6 7.Bxc4 Nbd7 8.O-O Bb4
9.Qb3 Qb6 10.e4 Bg6 11.Bxe6 fxe6 12.a5 Bxa5 13.Qxe6+ Kd8 14.e5 Ne8 15.Bg5+ Kc8
16.Na4 Qc7 17.Nc5 Bb4 18.Be7 Bxc5 19.dxc5 Be4 20.Rfe1 Bxf3 21.gxf3 g6 22.Rad1 Ng7
23.Qg4 Re8 24.Bd6 Qd8 25.e6 Nf6 26.Qh3 Nf5 27.e7 Qd7 28.Bg3 Rxe7 29.Rxe7 Qxe7
30.Bh4 Qe2 31.Rd4 Nd5 32.Re4 Qd1+ 33.Kg2 Kd7 34.Bg5 h5 35.Re5 Rf8 36.b4  0-1

[Event "Reykjavik op"]
[Site "Reykjavik"]
[Date "1988.??.??"]
[Round "?"]
[White "Arnason, Asgeir T"]
[Black "Hjartarson, Bjarni"]
[Result "1-0"]
[WhiteElo "2300"]
[BlackElo "2125"]

1.Nf3 d5 2.d4 Nf6 3.c4 c6 4.Nc3 dxc4 5.a4 Bf5 6.e3 e6 7.Bxc4 Bb4 8.O-O Nbd7
9.Qe2 O-O 10.h3 Ne4 11.Nxe4 Bxe4 12.Nd2 Bg6 13.f4 Nf6 14.g4 c5 15.Nb3 Rc8
16.Nxc5 Bxc5 17.dxc5 Rxc5 18.Rd1 Qc8 19.b3 Rd8 20.Bb2 h5 21.Rxd8+ Qxd8 22.Rd1 Qa8
23.Bxf6 gxf6 24.f5 b5 25.axb5 hxg4 26.fxg6 gxh3 27.gxf7+ Kxf7 28.e4 Re5 29.Rd7+ Kf8
30.Qd3 Qxe4 31.Qd6+ Kg8 32.Qb8+  1-0

[Event "Riga"]
[Site "Riga"]
[Date "1988.??.??"]
[Round "?"]
[White "Aseev, Konstantin N"]
[Black "Savchenko, Stanislav"]
[Result "1/2-1/2"]
[WhiteElo "2445"]
[BlackElo "2480"]

1.d4 d5 2.c4 c6 3.Nf3 Nf6 4.Nc3 dxc4 5.a4 Bf5 6.e3 e6 7.Bxc4 Bb4 8.O-O Nbd7
9.Nh4 O-O 10.Nxf5 exf5 11.f3 Qa5 12.Qb3 Qb6 13.Kh1 Rad8 14.Ne2 c5 15.Ng3 f4
16.Nf5 cxd4 17.a5 Bxa5 18.exd4 Qc7 19.Bxf4 Qxf4 20.Rxa5 Nb6 21.Bd3 g6 22.Ne7+ Kg7
23.Rxa7 Qxd4 24.Rxb7 Na4 25.Rb4 Qxd3 26.Qxd3 Rxd3 27.Rxa4 Rb8 28.Nc6 Rxb2
29.Ne5 Rd5 30.Ng4 Nd7 31.Raa1 h5 32.Ne3 Rd3 33.Rad1 Rxe3 34.Rxd7 Ree2 35.Rg1 g5
36.h3 Kg6 37.Rd5 f6 38.Rc5 h4 39.Ra5 Rf2 40.Rc5 Ra2 41.Rb5 Rfe2 42.Rc5 Rab2  1/2-1/2

[Event "Rilton Cup"]
[Site "Stockholm"]
[Date "1988.??.??"]
[Round "?"]
[White "Welin, Thomas"]
[Black "Beijar, Kim"]
[Result "1-0"]
[WhiteElo "2390"]
[BlackElo "2200"]

1.d4 d5 2.Nf3 c6 3.c4 Nf6 4.Nc3 dxc4 5.a4 Bf5 6.e3 e6 7.Bxc4 Bb4 8.O-O O-O
9.Nh4 Nbd7 10.Nxf5 exf5 11.Qc2 g6 12.f3 Qa5 13.e4 Qb6 14.Ne2 fxe4 15.fxe4 Kg7
16.Kh1 Rae8 17.e5 Ng8 18.Qb3 Ba5 19.Rxf7+ Rxf7 20.Bxf7 Rf8 21.Bxg8 Rxg8 22.Bh6+ Kh8
23.Qxb6 Nxb6 24.Rf1  1-0

[Event "DDR-ch (Women)"]
[Site "Stralsund"]
[Date "1988.??.??"]
[Round "6"]
[White "Goehler, Antje"]
[Black "Starck, Ines"]
[Result "1/2-1/2"]
[WhiteElo "2175"]
[BlackElo "2120"]

1.d4 d5 2.c4 c6 3.Nf3 Nf6 4.Nc3 dxc4 5.a4 Bf5 6.e3 e6 7.Bxc4 Bb4 8.O-O O-O
9.Nh4 Ne4 10.Nxf5 exf5 11.Qc2 Nd6 12.Bd3 g6 13.Na2 Ba5 14.b4 Bc7 15.Bb2 Re8
16.Rae1 Ne4 17.Bxe4 fxe4 18.Nc3 Na6 19.Ba3 Bd6 20.b5 cxb5 21.Bxd6 Qxd6 22.Nxe4 Qb6
23.axb5 Rac8 24.Qb1 Nc7 25.Nc3 Rcd8 26.Rc1 Nd5 27.Qb3 Nxc3 28.Rxc3 Rc8 29.Rfc1 Rxc3
30.Rxc3 Qxd4 31.Kf1  1/2-1/2

[Event "Thessaloniki ol (Men)"]
[Site "Thessaloniki"]
[Date "1988.??.??"]
[Round "1"]
[White "Van der Sterren, Paul"]
[Black "Jhunjhnuwala, Naresh"]
[Result "1-0"]
[WhiteElo "2475"]
[BlackElo "2260"]

1.d4 d5 2.c4 c6 3.Nf3 Nf6 4.Nc3 dxc4 5.a4 Bf5 6.Ne5 e6 7.f3 h6 8.e4 Bh7 9.Bxc4 Bb4
10.O-O O-O 11.Be3 Nbd7 12.Qb3 Qe7 13.Na2 a5 14.Nxb4 axb4 15.Nd3 Ra5 16.Bd2 Rh5
17.Bxb4 c5 18.dxc5 Nxe4 19.fxe4 Qh4 20.h3 Bxe4 21.Rf4 Qg3 22.Rg4 Qe3+ 23.Nf2 Qxb3
24.Bxb3 Bc6 25.Nd3 Nf6 26.Rg3 Ne4 27.Re3 Rg5 28.h4 Rh5 29.Be1 Nf6 30.Ne5 Bd5
31.Bc2  1-0

[Event "Thessaloniki ol (Men)"]
[Site "Thessaloniki"]
[Date "1988.??.??"]
[Round "4"]
[White "Santa Torres, Juan"]
[Black "Sisniega, Marcel"]
[Result "0-1"]
[WhiteElo "2245"]
[BlackElo "2425"]

1.d4 d5 2.c4 c6 3.Nf3 Nf6 4.Nc3 dxc4 5.a4 Bf5 6.Ne5 Nbd7 7.Nxc4 e6 8.f3 Bb4
9.Bg5 h6 10.Bh4 b5 11.Nd2 a6 12.e4 Bh7 13.Be2 Be7 14.e5 Nd5 15.Bxe7 Nxe7
16.Nde4 O-O 17.Qd2 Qb6 18.a5 Qa7 19.b4 Rad8 20.Nd6 f6 21.f4 fxe5 22.Bg4 Bf5
23.Bxf5 Nxf5 24.dxe5 Nxd6 25.exd6 Nf6 26.Rf1 c5 27.Qe3 Rxd6 28.Qxc5 Qxc5
29.bxc5 Rc6 30.Na2 Rxc5 31.Nb4 Rc4 32.Nxa6 Ra8  0-1

[Event "Thessaloniki ol (Men)"]
[Site "Thessaloniki"]
[Date "1988.??.??"]
[Round "5"]
[White "Pacheco, J."]
[Black "Rama, Lorenc"]
[Result "0-1"]
[WhiteElo "2200"]
[BlackElo "2200"]

1.d4 d5 2.c4 c6 3.Nc3 Nf6 4.Nf3 dxc4 5.a4 Bf5 6.Ne5 e6 7.f3 Bb4 8.Bg5 h6
9.Bh4 c5 10.dxc5 Qxd1+ 11.Rxd1 Bc2 12.Rd2 Bb3 13.e4 Na6 14.c6 bxc6 15.Nxc6 Bxc3
16.bxc3 Nc5 17.Na5 O-O 18.Nxc4 Bxc4 19.Bxc4 Nxa4 20.e5 Nh5 21.O-O Rfc8 22.Ba6 Rxc3
23.Bf2 Nb6 24.Ra1 Nf4 25.Bf1 Nfd5 26.Bd3 Rac8 27.Bf1 Rc1 28.Rd1 Rxd1 29.Rxd1 a5
30.Ra1 a4 31.Bb5 Ra8 32.Ra3 Ra5 33.Bc6 Kf8 34.f4 Nc4 35.Rxa4 Rxa4 36.Bxa4 Nxf4
37.Bb5 Nxe5 38.Bc5+ Kg8 39.Bd6 Nfg6 40.Be2 Nc6 41.Kf2 Nge7 42.g4 g5 43.Bd3 Kg7
44.Be4 Nd5 45.Bg3 Nce7 46.h4 f5 47.Be5+ Kf7 48.Bb1 f4 49.Kf3 Nb6  0-1